000 00366cam a22001097a 4500
008 180718b1975 xxu||||| |||| 00| 0 eng d
082 _aB5x5453 K45
245 _aUF ministry: five years in retrospect
_cby Public Relations Department, Kerala
260 _aTrivandrum
_bPublic Relations Department
_c1975
300 _a83p.
700 _aKerala. Public Relations Department
999 _c488425
_d488425